Southville International School and Colleges
Your cart is empty.
  • Cart
  • Lists
    Public lists Eva Luna New books Lux_list list_1
    Your lists Log in to create your own lists
  • Log in to your account
  • Your cookies
  • Search history
Southville International School and Colleges
  • Advanced search
  • Recent comments
  • Most popular
  • Libraries

Log in to your account

Log in with GOOGLE


If you do not have an external account, but do have a local account, you can still log in:

  1. Home
  2. MARC view: Countdown to a new library
Normal view MARC view ISBD view

Countdown to a new library (Record no. 15710)

[ view plain ]
MARC details
000 -LEADER
fixed length control field 01564cam a2200361 a 4500
001 - CONTROL NUMBER
control field 15964395
003 - CONTROL NUMBER IDENTIFIER
control field OSt
005 - DATE AND TIME OF LATEST TRANSACTION
control field 20140310182749.0
008 - FIXED-LENGTH DATA ELEMENTS--GENERAL INFORMATION
fixed length control field 091028s2010 ilua b 001 0 eng
010 ## - LIBRARY OF CONGRESS CONTROL NUMBER
LC control number 2009045796
020 ## - INTERNATIONAL STANDARD BOOK NUMBER
International Standard Book Number 9780838910122 (alk. paper)
020 ## - INTERNATIONAL STANDARD BOOK NUMBER
International Standard Book Number 0838910122 (alk. paper)
035 ## - SYSTEM CONTROL NUMBER
System control number (OCoLC)ocn441167379
040 ## - CATALOGING SOURCE
Original cataloging agency DLC
Transcribing agency DLC
Modifying agency BTCTA
-- YDXCP
-- JQF
-- C#P
-- BWX
-- CDX
-- DLC
043 ## - GEOGRAPHIC AREA CODE
Geographic area code n-us---
050 00 - LIBRARY OF CONGRESS CALL NUMBER
Classification number Z 679.2
Item number .W899 2010
082 00 - DEWEY DECIMAL CLASSIFICATION NUMBER
Classification number M 022.3
Item number W66 2010
100 1# - MAIN ENTRY--PERSONAL NAME
Personal name Woodward, Jeannette A.
245 10 - TITLE STATEMENT
Title Countdown to a new library
Remainder of title managing the building project
Statement of responsibility, etc Woodward, Jeannette
250 ## - EDITION STATEMENT
Edition statement 2nd ed.
260 ## - PUBLICATION, DISTRIBUTION, ETC. (IMPRINT)
Place of publication, distribution, etc Chicago
Name of publisher, distributor, etc American Library Association
Date of publication, distribution, etc c2010
300 ## - PHYSICAL DESCRIPTION
Extent 272 p.
Other physical details ill.
Dimensions 28 cm.
504 ## - BIBLIOGRAPHY, ETC. NOTE
Bibliography, etc Includes bibliographical references and index.
505 0# - FORMATTED CONTENTS NOTE
Formatted contents note Off to a good start -- The world of architects and contractors -- The emerging library design -- Functional and sustainable buildings -- Human needs and energy-efficient buildings -- Technology in twenty-first-century buildings -- Security and safety in today's world -- Creating customer-friendly spaces : it's not just decor -- Surviving construction -- Moving in and getting settled.
521 ## - TARGET AUDIENCE NOTE
Target audience note
526 ## - STUDY PROGRAM INFORMATION NOTE
Reading level 1210L-1700L
541 ## - IMMEDIATE SOURCE OF ACQUISITION NOTE
-- 1
562 ## - COPY AND VERSION IDENTIFICATION NOTE
Number of copies 1
650 #0 - SUBJECT ADDED ENTRY--TOPICAL TERM
Topical term or geographic name as entry element Library buildings
Geographic subdivision United States
General subdivision Design and construction.
906 ## - LOCAL DATA ELEMENT F, LDF (RLIN)
a 7
b cbc
c orignew
d 1
e ecip
f 20
g y-gencatlg
942 ## - ADDED ENTRY ELEMENTS (KOHA)
Source of classification or shelving scheme Library of Congress Classification
Koha item type Books
Call number prefix
Holdings
Withdrawn status Lost status Source of classification or shelving scheme Damaged status Home library Current library Shelving location Date acquired Total Checkouts Full call number Barcode Date last seen Copy number Price effective from Koha item type
    Library of Congress Classification   College Library College Library General Circulation Section 06/15/2012   Z 679.2 .W899 2010 c14889 05/15/2018 1 06/15/2012 Books

Countdown to a new library

APA

Woodward J. A., . (2010). Countdown to a new library. Chicago: American Library Association.

Chicago

Woodward Jeannette A, . 2010. Countdown to a new library. Chicago: American Library Association.

Harvard

Woodward J. A., . (2010). Countdown to a new library. Chicago: American Library Association.

MLA

Woodward Jeannette A, . Countdown to a new library. Chicago: American Library Association. 2010.

  • Place hold
  • Print
  • Cite
  • Add to your cart (remove)
  • Save record
    BIBTEX Dublin Core MARCXML MARC (non-Unicode/MARC-8) MARC (Unicode/UTF-8) MARC (Unicode/UTF-8, Standard) MODS (XML) RIS
  • More searches
    Search for this title in:
    Other Libraries (WorldCat) Other Databases (Google Scholar) Online Stores (Bookfinder.com) Open Library (openlibrary.org)

Exporting to Dublin Core...

SOUTHVILLE LIBRARY

Southville International School and Colleges Library

1281 Tropical Ave. Cor. Luxembourg St., BF Homes International, Las Pinas City

Tel. No. 8256374 / 252358 Loc. 117/146

Powered by Koha